|
|
|
|
| LEADER |
00000nam a2200000 a 4500 |
| 003 |
Ucuenca |
| 005 |
20230308190503.0 |
| 008 |
015120|2010 sp |||||r|||||||||||spa|| |
| 020 |
|
|
|a 9788492777570
|
| 040 |
|
|
|b spa
|
| 041 |
0 |
|
|a spa
|
| 082 |
0 |
|
|a 711
|
| 245 |
|
|
|a Planes de manejo de un territorio
|c Jesús Martínez Martínez, Diego Casas Ripoll, Alejandra Gonzálbez Catalá
|h imp
|
| 264 |
|
|
|a Las Palmas de Gran Canaria
|b Universidad de las Palmas
|c 2010
|
| 300 |
|
|
|a 222 páginas:
|b ilu
|c 30 cm
|
| 504 |
|
|
|a incl. ref.
|
| 505 |
|
|
|a Metodología DAFO con sus instrumentos de medición -- Redacción de los planes de manejo -- La evaluación de impactos ambientales -- Los análisis de tendencias de uso de un territorio, y/o de sus activos ambientales.
|
| 520 |
3 |
|
|a Los planes de manejo de un territorio ofrecen una metodología, bajo un formato de Planificación Estratégica y acompañados de sus correspondientes herramientas, de gran utilidad para la ordenación de un marco geográfico dado, respecto a campos de aplicación prviamente definidos y dentro de gestiones integradas. El procedimie nto asumido permite la cuantificación de las vocaciones de destino y los desinos de uso, así como la estimación, en porcentajes, de los logros y las calidades blindadas de las diferentes actuaciones formuladas. La redacción del os planes se hace a partir de la información de base de un análisis DAFO cuantitativo, y con la utilización de Árbolles Genéricos de Objetivos (estratificados y jerarquizados) y de Matrices de los Marcos Lógicos, que diseñan y alimentan a los proyectos, a sus propuestas y a los planteamientos a que dan lugar, con sus acciones específicas (revisadas conforme a un Análisis de Evaluación de Impactos, que satisfagan a los factores ambientales propios del campo de aplicación que se considere).
|
| 650 |
|
|
|a Ordenacion territorial
|9 27174
|
| 650 |
|
|
|a Medio ambiente
|9 351
|
| 650 |
|
|
|a Planificacion territorial
|9 115933
|
| 650 |
|
|
|a Impacto ambiental
|9 37080
|
| 650 |
|
7 |
|a Urbanismo
|9 110
|
| 700 |
1 |
|
|a Martínez Martínez, Jesús
|9 123086
|
| 700 |
1 |
|
|a Casas Ripoll, Diego
|9 123087
|
| 700 |
1 |
|
|a Gonzálbez Catalá, Alejandra
|9 123088
|
| 852 |
|
|
|a UC-CDJBV
|f Compra
|l 1
|m General
|p 20151201
|q 142.50
|r 2
|t 114014
|v arq
|y 5761760
|b 0
|d CDRC
|e CDRC
|g 711 SEGUNDO PISO
|z 2015-51-20
|
| 856 |
|
|
|a http://sibuc.ucuenca.edu.ec/portada/114014-cdj.jpg
|
| 942 |
|
|
|c BK
|z lourdes.naula@ucuenca.edu.ec
|
| 999 |
|
|
|c 73046
|d 73046
|